000 00436nam a2200181Ia 4500
001 18379
005 20260306171626.0
008 260306s9999||||xx |||||||||||||| ||und||
041 _aESP
082 _a658.4034
_bT814 2004
100 _aTaha, Hamdy A.
_eAUT
245 0 _aInvestigación de operaciones
260 _c2004
300 _axvii, 848 pƔginas :
_c24 cm.
650 _aGEN
654 _aCAN
942 _cLIB
_dJUS
_fJUS
_2ddc
_n
999 _c18379
_d18379